Datum a čas kvízu
34.5
Celkem bodů
Celkový počet nahraných bodů na tomto kvízu bez doplňovacích otázek.
3.
Pořadí na kvízu
Konečné umístění týmu na tomto kvízu.
Zaznamenané odpovědi
| # | Otázka | Odpověď | Body | Výsledky |
|---|---|---|---|---|
| 1. | Pražský magistrát již v létě p... | My, Praha | 0 | |
| 2. | Britský deník The Times zveřej... | Mikuláš Minář | 1 | |
| 3. | Oblíbená hollywoodská hvězda o... | Cameron Diaz | 1 | |
| 4. | Česká obchodní inspekce řeší p... | geoblocking | 0 | |
| 5. | Kdo byl podle hlasů redaktorů... | LeBron James, Serena Williamsová | 0.5 | |
| 6. | 1. ledna došlo ke zvýšení rodi... | 300 000 Kč | 1 | |
| 7. | Na úterý 3. listopadu jsou nap... | New Hampshire | 0 | |
| 8. | Nový čínský rok začíná 25. led... | kryse | 1 | |
| 9. | Nejbezpečnějšími aerolinkami p... | Qantas | 1 | |
| 10. | Mezi 12. červnem a 12. červenc... | Anglie, Chorvatsko | 1 |